000 00287nam a2200121Ia 4500
008 220204s9999 xx 000 0 und d
082 _a696.6
_bFRA
100 _aFrancis, T G
245 0 _aElectrical installation work
250 _aEd.5
260 _aLondon
_bLongman
_c1971
942 _cBK
999 _c30747
_d30747